Raj Khalsa Part 2: (Record no. 541289)

000 -LEADER
fixed length control field 00374nam a22001097a 4500
082 ## - DEWEY DECIMAL CLASSIFICATION NUMBER
Classification number 294.6
100 ## - MAIN ENTRY--PERSONAL NAME
Personal name Singh Ji, Giani Gian
245 ## - TITLE STATEMENT
Title Raj Khalsa Part 2:
Remainder of title Rise of Sikh States of Patiala, Nabha, Jind, Fridkot and Kapurthla /
Statement of responsibility, etc. Giani Gian Singh Ji
260 ## - PUBLICATION, DISTRIBUTION, ETC.
Place of publication, distribution, etc. U.S.A :
Name of publisher, distributor, etc. Baljinder singh,
Date of publication, distribution, etc. N.D.
942 ## - ADDED ENTRY ELEMENTS (KOHA)
Source of classification or shelving scheme
Koha item type Book
Holdings
Withdrawn status Lost status Source of classification or shelving scheme Damaged status Not for loan Permanent Location Current Location Shelving location Date acquired Total Checkouts Full call number Barcode Date last seen Price effective from Koha item type
          Central Library (CL) Central Library (CL) Punjabi Literature 02/23/2021   294.6 SIN CL-E-854 02/23/2021 02/23/2021 Book
© 2023 Central Library, National University of Sciences and Technology. All Rights Reserved.